[Event "Carlos Torre Memorial op 29th"]
[Site "Merida"]
[Date "2017.12.18"]
[Round "8"]
[White "Gomez Garrido, Camilo Ernesto"]
[Black "Matsenko, Sergei"]
[Result "1/2-1/2"]
[WhiteElo "2515"]
[BlackElo "2546"]
[PlyCount "70"]
[EventDate "2017.12.14"]
[EventType "swiss"]
[EventRounds "9"]
[EventCountry "MEX"]
[SourceTitle "CBM 182 Extra"]
[Source "ChessBase"]
[SourceDate "2018.02.23"]
[SourceVersion "1"]
[SourceVersionDate "2018.02.23"]
[SourceQuality "1"]

1. e4 e6 2. d4 d5 3. Nd2 c5 4. exd5 Qxd5 5. Ngf3 cxd4 6. Bc4 Qd7 7. 0-0 Nc6 8. Nb3 a6 9. Nbxd4 Nxd4 10. Nxd4 Qc7 11. Bb3 Bd6 12. Re1 Ne7 13. h3 0-0 14. c3 Ng6 15. Bc2 Bd7 16. Qh5 Qc5 17. Qxc5 Bxc5 18. Nb3 Ba7 19. Be4 Rab8 20. Be3 Bxe3 21. Rxe3 Rfc8 22. Rd1 Bc6 23. Bxc6 Rxc6 24. Red3 Kf8 25. Rd4 Ne5 26. Nd2 Ke7 27. f4 Nd7 28. Nc4 Rc7 29. Ne3 h5 30. f5 Nf6 31. fxe6 fxe6 32. Re1 Rd7 33. Nf5+ Kf7 34. Nd6+ Ke7 35. Nf5+ Kf7 1/2-1/2